NEXT 5 Words (TV Lyrics) Quiz Stats

 Plays Quiz Updated May 18, 2017

Also try: NEXT 5 Words
Challenge
Share
Tweet
Embed
Score 0/21 Timer 06:00
1 Play Today
The Line Next 5 words % Correct
Sunday Monday, happy Days, Tuesday Wednesday happy days
87.6%
Flintstones, meet the Flintstones, they're A modern stone age family
70.2%
Scooby Dooby Doo where are you, we gotSome work to do now
65.7%
Bob the Builder can we fix it? BobThe Builder. Yes We Can !
59.3%
Hello, I'm Mister Ed. A horse is a Horse, of course of course
58.9%
It seems today that all you see is violence inMovies and sex on TV
58.7%
What would you do ifI sang out of tune
58.6%
Now this is a story all aboutHow my life got flipped
53.7%
Come listen to a story About a man named Jed
52.8%
Davy, Davy CrockettKing of the wild frontier
51.9%
Makin' your way in the worldToday takes everything you got
48.3%
The Line Next 5 words % Correct
Are you ready kids? Aye ayeCaptain. I can't hear you
41.3%
Sunny day... sweepin' theClouds away, on my way
40.5%
I'm goin' down to South ParkGonna have myself a time
38.2%
It's time to play the music, It'sTime to light the lights
36.5%
Now, the world don’t move to theBeat of just one drum
35.8%
One, two, threeFour, five, six, seven, eight
33.6%
They're creepy andThey're kooky, mysterious and spooky
33.6%
Just two good ol' Boys never meanin' no harm
26.5%
I wanna be the very bestLike no one ever was
24.8%
Here we come walking down the streetWe get the funniest looks
23%

You're not logged in!

Compare scores with friends on all Sporcle quizzes.
Join for Free
OR
Log In

You Might Also Like...

Show Comments

Extras

Top Quizzes Today


Score Distribution

Your Account Isn't Verified!

In order to create a playlist on Sporcle, you need to verify the email address you used during registration. Go to your Sporcle Settings to finish the process.

Report this User

Report this user for behavior that violates our Community Guidelines.

Details: